| 000 | 00537nam a22001577a 4500 | ||
|---|---|---|---|
| 020 | _qHard Cover. | ||
| 082 | _a621.3678 | ||
| 100 | _aQazi,Sana | ||
| 245 |
_aMapping an Invasive Species, Paper Mulberry, and Its Impact on Health: A Case Study of Islamabad / _cSana Qazi. |
||
| 260 |
_aIslamabad : _bIGIS - NUST, _c2015. |
||
| 300 |
_axiv, 71 p. : ill. ; _c30cm. |
||
| 650 |
_aRemote Sensing and GIS MS-Thesis _916703 |
||
| 700 |
_aDr. Javed Iqbal. _925404 |
||
| 942 |
_2ddc _cTHE |
||
| 999 |
_c535372 _d535372 |
||